Türkiyede komünist hareketleri. (Record no. 46120)

MARC details
000 -LEADER
fixed length control field 00582cam a22002171 4500
001 - CONTROL NUMBER
control field ne 63001500
003 - CONTROL NUMBER IDENTIFIER
control field DLC
005 - DATE AND TIME OF LATEST TRANSACTION
control field 20260227111748.0
008 - FIXED-LENGTH DATA ELEMENTS--GENERAL INFORMATION
fixed length control field 880902q tu ach 000 0 tur
010 ## - LIBRARY OF CONGRESS CONTROL NUMBER
LC control number ne 63001500
035 ## - SYSTEM CONTROL NUMBER
System control number (OCoLC)23562048
040 ## - CATALOGING SOURCE
Original cataloging agency DLC
Transcribing agency MiU
Modifying agency DLC
042 ## - AUTHENTICATION CODE
Authentication code premarc
043 ## - GEOGRAPHIC AREA CODE
Geographic area code a-tu---
050 00 - LIBRARY OF CONGRESS CALL NUMBER
Classification number HX357
Item number .D3
100 1# - MAIN ENTRY--PERSONAL NAME
Personal name Darendelioğlu, İlhan E.
245 10 - TITLE STATEMENT
Title Türkiyede komünist hareketleri.
260 ## - PUBLICATION, DISTRIBUTION, ETC.
Place of publication, distribution, etc. [İstanbul,
Name of publisher, distributor, etc. 1961-62, v.
Date of publication, distribution, etc. 1, 1962]
300 ## - PHYSICAL DESCRIPTION
Extent 2 v. in 1. illus., ports., facsims.
Dimensions 17 cm.
650 #0 - SUBJECT ADDED ENTRY--TOPICAL TERM
Topical term or geographic name entry element Communism
Geographic subdivision Turkey.

No items available.

Powered by Koha